Методы оптического исследования минералов: Справочник

Dades bibliogràfiques
Autor principal: Соболев Р. Н. Роланд Николаевич
Idioma:rus
Publicat: Москва, Недра, 1990
Matèries:
Format: MixedMaterials Llibre
KOHA link:https://koha.lib.tpu.ru/cgi-bin/koha/opac-detail.pl?biblionumber=63546

MARC

LEADER 00000nam0a2200000 4500
001 63546
005 20231101212054.0
010 |a 5247008057 
035 |a (RuTPU)RU\TPU\book\67437 
090 |a 63546 
100 |a 20040514d km y0rusy50 ca 
101 0 |a rus 
102 |a RU 
105 |a a g 001zy 
200 1 |a Методы оптического исследования минералов  |e Справочник  |f Р. Н. Соболев 
210 |a Москва  |c Недра  |d 1990 
215 |a 285 с.  |c ил. 
320 |a Библиогр.: с. 218. 
606 1 |a Минералы  |x Оптические исследования  |2 stltpush  |3 (RuTPU)RU\TPU\subj\72205  |9 85775 
610 1 |a справочники 
610 1 |a геология 
610 1 |a прозрачные минералы 
610 1 |a непрозрачные минералы 
675 |a 549.08:53(035)  |v 3 
700 1 |a Соболев  |b Р. Н.  |g Роланд Николаевич 
801 1 |a RU  |b 63413507  |c 20040514  |g PSBO 
801 2 |a RU  |b 63413507  |c 20140207  |g PSBO 
942 |c BK